000 00609cam a22002053a 4500
001 37179
003 PGUSA
005 20140828083821.0
008 110823s2011||||xxu|||||s|||||000 | eng d
040 _aPGUSA
_beng
042 _adc
100 1 _aLee, Vernon,
_d1856-1935
245 1 0 _aLimbo and Other Essays :
_bTo which is now added Ariadne in Mantua
_h[electronic resource] /
_cVernon Lee
260 _bProject Gutenberg,
_c2011
506 _aPublic domain in the USA.
516 _aElectronic text
830 0 _aProject Gutenberg
_v37179
856 4 0 _uhttp://www.gutenberg.org/ebooks/37179
942 _cEB
999 _c266433
_d266433